| 000 | 00578nam a22001817a 4500 | ||
|---|---|---|---|
| 999 |
_c8410 _d8410 |
||
| 008 | 201118b ||||| |||| 00| 0 eng d | ||
| 040 | _aBMS College of Architecture | ||
| 100 | _aYashaswini, B S | ||
| 245 | _aThe realm of learning- IT training institute | ||
| 300 | _aNA | ||
| 500 | _a1BM10AT077 | ||
| 502 |
_8B,Arch _NBMS College of Architecture, Visvesvaraya Technological University (VTU) _aProject report _d2019 |
||
| 650 | _aLearning- IT | ||
| 650 | _aTraining institute | ||
| 700 |
_aDakshayini R Patil _eGuide |
||
| 700 |
_aJeeno Soa Georg _eGuide |
||
| 942 |
_2ddc _cTHE |
||